00335nam a2200109Ia 4500008004100000082000800041100001900049245003700068942000600105952009900111999001500210240331s9999 xx 000 0 und d bNES aNesiah, Vasuki 0aDebates in the feminist movement cL 001040708LaWERCLbWERCLcSSCd2024-03-31l0o 305.401 NESp2109r2024-03-31w2024-03-31yL c1776d1776